000 00510nam a22001697a 4500
999 _c8979
_d8979
008 210309b ||||| |||| 00| 0 eng d
040 _aBMS College of Architecture
100 _aKakani, Ankita
245 _aSpiritual healing center
300 _a60p.
500 _a1BM09AT005
502 _8B.Arch
_NBMS College of Architecture, Visvesvaraya Technological University (VTU)
_aProject report
_d2013
650 _aNA
700 _aAjaichandran C K
_eGuide
700 _aBhagyalaxmi M
_eGuide
942 _2ddc
_cTHE